LEADER 00758naa a2200157 i 4500 001 000000326761 003 CaOOAMICUS 005 20180831173528.0 008 180831n xx u000 u fre u 013 $a37921 040 $aSeMil$bita 245 10$aPaul VI et l'inculturation de la foi chretienne en perspective interculturelle. 650 4$aFede - Inculturazione.$0(OLS)http://semarc/subject/8252 650 4$aPaolo VI - Cultura.$0(OLS)http://semarc/subject/44040 773 0 $tPaul 6. and the church in Africa.$dBrescia : Istituto Paolo 6., 2015.$kPubblicazioni dell'Istituto Paolo 6.$z978-88-382-4332-5$gp.48-58$w()249326 996 $6245$aPaul VI et l'inculturation de la foi chretienne en perspective interculturelle.$9(OLS)http://semarc/title/399820 LEADER 00873nas a2200217 i 4500 001 000000338891 003 CaOOAMICUS 005 20200116153749.0 008 200116e2019 fr br u0 0fre r 013 $a238084 040 $aSeMil$bita 245 10$aNoël. Comment une fête païenne est devenue chrétienne. Et inversement. 260 $aParis :$bMalesherbes,$c2019. 300 $a81 p. :$bill. ;$c27 cm. 500 $aTitolo principale dalla copertina. 773 0 $tMonde des Religions.$dParis : Malesherbes, 2003.$x1743-3346$w()12515 850 $aSeMil 852 $aSeMil$W1$xVenegono$y1$m98 6 37/6$j217845$B229974$CSeMilBibl$Z2$F229974 $85 996 $6245$aNoël. Comment une fête païenne est devenue chrétienne. Et inversement$9(OLS)http://semarc/title/427688 996 $6260$aParis :$bMalesherbes$9(OLS)http://semarc/publisher/31137